• 首页
  • 本馆介绍
  • 公告通知
  • 最新文献
  • 馆藏检索
  • 电子资源
  • 读者导购
  • 参考咨询
  • 我的图书馆
  • 登录
  • 详细信息显示
  • 放入我的书架
  • 预约/预借图书
  • 作者相关作品
  • 分类相关作品
  • 丛书相关作品
  • 出版社相关作品

书目信息

  • 表格格式
  • 工作单格式
  • 卡片格式
题名:
蒂姆·库克传
    
 
作者: 卡尼 著 ;李世凡 , 梁德馨 译
分册:  
出版信息: 北京   中信出版集团股份有限公司  2019.6
页数: 13,362页
开本: 21cm
丛书名:
单 册:
中图分类: K837.125.38
科图分类:
主题词:
电子资源:
ISBN: 978-7-5217-0646-8
000 01218nam0 2200301 450
001 2157998573
005 20211011172911.0
010    @a978-7-5217-0646-8@b精装@dCNY69.00
100    @a20190717d2019 em y0chiy50 ea
101 1  @achi@ceng
102    @aCN@b110000
105    @ay z 000yb
106    @ar
200 1  @a蒂姆·库克传@Adi mu ku ke chuan@e苹果公司的反思与商业的未来@f(美)利恩德·卡尼(Leander Kahney)著@g李世凡,梁德馨译
210    @a北京@c中信出版集团股份有限公司@d2019.6
215    @a13,362页@d21cm
306    @a本书限中国大陆发行
312    @a书名原文:Tim Cook: the genius who took Apple to the next level
330    @a本书旨在撇开笼罩在乔布斯身上的光环,以一个全新而独立的视角,去重新审视苹果公司,去发掘幕后英雄蒂姆·库克不为人知的一面。
510 1  @aTim Cook@ethe genius who took Apple to the next level@zeng
517 1  @a苹果公司的反思与商业的未来@Apin guo gong si de fan si yu shang ye de wei lai
600  1 @a库克@Aku ke@c(Cook, Tim)@x传记
690    @aK837.125.38@v5
701  0 @c(美)@a卡尼@Aka ni@c(Kahney, Leander)@4著
702  0 @a李世凡@Ali shi fan@4译
702  0 @a梁德馨@Aliang de xin@4译
801  0 @aCN@b百万庄@c20211007
905    @b1306201-04@dK837.125.38@e1179@f4
    
    蒂姆·库克传:苹果公司的反思与商业的未来/(美)利恩德·卡尼(Leander Kahney)著/李世凡,梁德馨译.-北京:中信出版集团股份有限公司,2019.6
    13,362页;21cm
    
    
    ISBN 978-7-5217-0646-8(精装):CNY69.00
    本书旨在撇开笼罩在乔布斯身上的光环,以一个全新而独立的视角,去重新审视苹果公司,去发掘幕后英雄蒂姆·库克不为人知的一面。
●
相关链接 在E读中查询图书 在五车中查询图书 在当当中查询图书 在豆瓣中查询图书


正题名:蒂姆·库克传     索取号:K837.125.38/1179         预约/预借

序号 登录号 条形码 馆藏地/架位号 状态 备注
1 1306201   213062013   第二样本阅览室/ [索取号:K837.125.38/1179] 在馆    
2 1306202   213062022   第二借阅区/ [索取号:K837.125.38/1179] 在馆    
3 1306203   213062031   第二借阅区/ [索取号:K837.125.38/1179] 在馆    
4 1306204   213062040   第二借阅区/ [索取号:K837.125.38/1179] 在馆    
唐山师范学院图书馆 欢迎您!
大连网信软件有限公司© 版权所有